| 000 | 00341nam a2200145Ia 4500 | ||
|---|---|---|---|
| 008 | 230312s9999||||xx |||||||||||||| ||und|| | ||
| 020 | _a978-9332542426 | ||
| 082 |
_a515 _bWEI-T |
||
| 100 | _aWeir;Maurice.D | ||
| 245 | 0 | _aThomas' Calculus | |
| 260 |
_bPearsons _aIndia _c2017 |
||
| 300 | _a988 | ||
| 650 |
_aEngineering _vMATH |
||
| 942 | _cBK | ||
| 999 |
_c13998 _d13998 |
||